América Latina y la vanguardia /

Resumen: Aborda un corpus de la producción literaria vanguardista de Hispanoamérica y resume algunas de sus directrices y características; entre ellas: la temática, la posición de los escritores, el estilo y la intertextualidad que presenta dicho movimiento literario.

Guardado en:
Bibliografiske detaljer
Hovedforfatter: Barzuna Pérez, Guillermo
Format: Ukendt
Fag:
Tags: Tilføj Tag
Ingen Tags, Vær først til at tagge denne postø!

MARC

LEADER 000000000a22000000004500
001 005666
100 1 |a Barzuna Pérez, Guillermo 
245 1 0 |a América Latina y la vanguardia /   |c Guillermo Barzuna Pérez. 
310 |a Semestral 
520 |a Resumen: Aborda un corpus de la producción literaria vanguardista de Hispanoamérica y resume algunas de sus directrices y características; entre ellas: la temática, la posición de los escritores, el estilo y la intertextualidad que presenta dicho movimiento literario. 
650 4 |a AMÉRICA LATINA 
650 4 |a VANGUARDISMO 
650 4 |a HISTORIA Y CRÍTICA 
773 0 |d Heredia, Costa Rica : Editorial de la Universidad Nacional  |t Letras  |g número 13-14 (1987), páginas 103-112 
942 |c ARC 
999 |c 12421  |d 12421